000 00252nam a2200109Ia 4500
008 190216s9999||||xx |||||||||||||| ||und||
100 _aUdaya Narayanan
245 0 _aHindi-Basa Vinjana
260 _bCambridge Uty Press
650 _aHindi
942 _cBK
999 _c15311
_d15311